Queueing networks with blocking : exact and approximate solutions
Saved in:
| Main Author: | |
|---|---|
| Format: | Book |
| Language: | English |
| Published: |
New York :
Oxford University Press,
1994
|
| Subjects: | |
| Tags: |
Add Tag
No Tags, Be the first to tag this record!
|
MARC
| LEADER | 00000nam a2200000 i 4500 | ||
|---|---|---|---|
| 001 | 1/54021 | ||
| 008 | 951030s1994 eng d | ||
| 020 | |a 0-19-508580-9 | ||
| 035 | |1 ΕΛΗ |a 1995 |b 2410 |c ΠΑΠΑΔΟΠΟΥΛΟΣ |l 10044874 | ||
| 040 | |a GR-MY-UA |b gre |e aacr | ||
| 041 | 0 | |a eng | |
| 082 | 0 | |a 004.240151982 | |
| 100 | 1 | |a Perros, Harry G. | |
| 245 | 1 | 0 | |a Queueing networks with blocking : |b exact and approximate solutions / |c Harry G. Perros |
| 260 | |a New York : |b Oxford University Press, |c 1994 | ||
| 300 | |a xiii, 288 p.; |b ill.; |c 25 cm. | ||
| 500 | |a Includes bibliographical references (p. 247-272) and index | ||
| 650 | 0 | 0 | |a Queuing theory. |
| 852 | |a INST |b SAMOS |e 19951030 |h 004.240151982 PER |p 005300012084 |q 005300012084 |t BK |y 0 | ||
| 901 | |a BIBL-1997-2 | ||
| 909 | |a Σ |b 051546 | ||